| 000 | 01255cam a22003011 4500 | ||
|---|---|---|---|
| 001 | l 50000011 | ||
| 003 | DLC | ||
| 005 | 20260227111541.0 | ||
| 008 | 760712s1949 sz i000 0 eng c | ||
| 010 | _al 50000011 | ||
| 035 | _a(OCoLC)2306216 | ||
| 040 |
_aU.S. Dept. of Labor Library _cWEU _dOCoLC _dDLC |
||
| 042 | _apremarc | ||
| 050 | 0 | 0 |
_aE65 _b.I5 |
| 110 | 2 | _aInternational Labour Office. | |
| 245 | 1 | 0 |
_aConditions of life and work of indigenous populations of Latin American countries. _bReport submitted on the second item on the agenda. |
| 260 |
_aGeneva, _c1949. |
||
| 300 |
_a142 p. _c24 cm. |
||
| 500 | _aAt head of title: Report 2. 4th Conference of American States Members of the International Labour Organisation, Montevideo, Apr. 1949. | ||
| 500 | _aAppendix (p. [117]-142): Historical antecedents of the Indian problem, by V.G. Garcés. | ||
| 500 | _aErratum slip inserted. | ||
| 650 | 0 |
_aLabor and laboring classes _zLatin America. |
|
| 650 | 0 | _aIndians. | |
| 650 | 0 |
_aIndians _xEconomic conditions. |
|
| 650 | 0 |
_aLabor laws and legislation _zLatin America. |
|
| 711 | 2 |
_aConference of American States Members of the International Labour Organisation _n(4th : _d1949 : _cMontevideo) |
|
| 700 | 1 | _aGarcés, Víctor Gabriel. | |
| 999 |
_c36668 _d36668 |
||